|
|
|
|
| LEADER |
01037nam a2200253 a 4500 |
| 001 |
GR-MES14962 |
| 008 |
051004s2006 gr 000 b eng d |
| 020 |
|
|
|a 076459978X
|
| 040 |
|
|
|a GrPaTEI
|b gre
|c GR-PaULI
|
| 040 |
|
|
|a GrPaTEI
|b gre
|c GR-PaULI
|
| 082 |
|
0 |
|a 005.756
|2 21
|
| 100 |
1 |
|
|a Alexander, Michael,
|d 1972-
|
| 245 |
1 |
0 |
|a Microsoft Access data analysis :
|b Unleashing the analytical power of Access /
|c Michael Alexander.
|
| 260 |
|
|
|a Indianapolis, IN :
|b Wiley,
|c c2006
|
| 300 |
|
|
|a xxxi, 515 σ. :
|b εικ. ;
|c 24 εκ.
|
| 500 |
|
|
|a Περιλαμβάνει ευρετήριο.
|
| 630 |
0 |
0 |
|a Microsoft Access
|
| 650 |
|
0 |
|a Database management
|
| 650 |
|
0 |
|a Relational databases
|
| 650 |
|
4 |
|a Βάσεις δεδομένων
|
| 942 |
|
|
|2 ddc
|
| 952 |
|
|
|0 0
|1 0
|2 ddc
|4 0
|6 005_756000000000000_ALE
|7 0
|9 272815
|a MSLG
|b MSLG
|c BSC
|d 2021-01-17
|e 24
|f 0
|g 0.00
|l 0
|o 005.756 ALE
|p 2420000023711
|r 2021-01-17 00:00:00
|t 1
|w 2021-01-17
|y BK15
|x 20090318 0 ΤΣΑΝΤΑΡΛΙΩΤΗ 1
|x GrPaTEI
|
| 971 |
|
|
|a .b2581011x
|b 16-04-20
|c 13-09-16
|
| 999 |
|
|
|c 157858
|d 157858
|